D. Ramón María Narvaez, ex-comandante general de la división de vanguardia del ejercito de operaciones, al Congreso Nacional y al público. (Record no. 160498)

MARC details
000 -LEADER
campo de control de longitud fija 00749nam a22001935i 4500
001 - NÚMERO DE CONTROL
campo de control 160498
003 - IDENTIFICADOR DE NÚMERO DE CONTROL
campo de control ES-MaACL
005 - FECHA Y HORA DE LA ÚLTIMA TRANSACCIÓN
campo de control 20250830063109.0
008 - DATOS DE LONGITUD FIJA--INFORMACIÓN GENERAL
campo de control de longitud fija 990715s1837 sp |||| | spa d
040 ## - FUENTE DE CATALOGACIÓN
Centro catalogador/agencia de origen CCPB | B
Lengua de catalogación spa
Centro/agencia transcriptor CCPB | B
100 1# - ENTRADA PRINCIPAL--NOMBRE DE PERSONA
Nombre de persona Valencia, Ramón María Narváez,
Títulos y otros términos asociados al nombre Duque de,
Fechas asociadas al nombre 1800-1868
9 (RLIN) 130396
245 10 - MENCIÓN DEL TÍTULO
Título D. Ramón María Narvaez, ex-comandante general de la división de vanguardia del ejercito de operaciones, al Congreso Nacional y al público.
260 ## - PUBLICACIÓN, DISTRIBUCIÓN, ETC.
Lugar de publicación, distribución, etc. [S.l. :
Nombre del editor, distribuidor, etc. s.n.,
Fecha de publicación, distribución, etc. 1837?]
300 ## - DESCRIPCIÓN FÍSICA
Extensión 23 p., 10 h. ;
Dimensiones 19 cm.
852 ## - LOCALIZACIÓN
Ubicación ES-MaACL
Número de control de estantería Z-1-F-1
condición física -- Falto de la port.
Encuadernación Olim: 1494-F-12
856 ## - LOCALIZACIÓN Y ACCESO ELECTRÓNICOS
Identificador Uniforme de Recursos <a href="http://hdl.handle.net/10481/53375">http://hdl.handle.net/10481/53375</a>
Estado de acceso Versión digital
942 ## - ELEMENTOS DE ENTRADA SECUNDARIOS (KOHA)
Fuente del sistema de clasificación o colocación Clasificación decimal universal
Holdings
Estatus retirado Estado de pérdida Estado de daño No para préstamo Colección Biblioteca de origen Biblioteca actual Ubicación en estantería Fecha de adquisición Fuente de adquisición Total de préstamos Signatura topográfica completa Código de barras Visto por última vez Precio de reemplazo Tipo de ítem Koha
        Libros del s. XIX Biblioteca del Ateneo de Madrid Biblioteca del Ateneo de Madrid Depósito Z 17/01/2008     Z-1-F-1 1168053 23/02/2023 23/02/2023 Libro impreso antiguo